Educación basada en competencias: nociones y antecedentes
Uloženo v:
| Hlavní autor: | |
|---|---|
| Médium: | Kniha |
| Jazyk: | španělština |
| Vydáno: |
Ciudad de México
Trillas
2005
|
| Vydání: | 1a. ed |
| Témata: | |
| Tagy: |
Přidat tag
Žádné tagy, Buďte první, kdo vytvoří štítek k tomuto záznamu!
|
MARC
| LEADER | 00000nam a2200000 a 4500 | ||
|---|---|---|---|
| 001 | UCI6358 | ||
| 003 | CL-VaPUC | ||
| 008 | 080430e20050000MX |||||||||||||||||spa|d | ||
| 020 | |a 9789682472442 | ||
| 082 | 0 | 4 | |a 371.394 |b ARG |2 21 |
| 100 | |a Argudín, Yolanda |e author |9 529216 | ||
| 245 | 1 | 0 | |a Educación basada en competencias: nociones y antecedentes |
| 250 | |a 1a. ed | ||
| 300 | |a 111 p | ||
| 942 | |c BK | ||
| 945 | |d 20080430 00:00:00 |a jtorresc | ||
| 260 | |a Ciudad de México |b Trillas |c 2005 | ||
| 650 | 7 | |a EDUCACION INDIVIDUALIZADA |2 CL-VaPUC |9 340234 | |
| 650 | 0 | |a Planificación de la educación |9 307333 | |
| 583 | |a last modification |c 20170905 01:18:41 |k Rodrigo Vera | ||
| 999 | |c 329877 |d 329875 | ||
| 952 | |0 0 |1 0 |4 0 |6 371_394000000000000_ARG_2005 |7 0 |8 A |9 415036 |a BIBEDU |b BIBEDU |d 2019-11-22 |i 4435222 |l 1 |o 371.394 ARG 2005 |p 4435222 |r 2023-10-02 |s 2023-09-29 |w 2019-11-22 |y BK |k EBA | ||